UBT Library

An introduction to family therapy (Record no. 41762)

000 -LEADER
fixed length control field 00586pam a2200229 4500
001 - CONTROL NUMBER
control field 1260774
005 - DATE AND TIME OF LATEST TRANSACTION
control field 20180205072231.0
008 - FIXED-LENGTH DATA ELEMENTS--GENERAL INFORMATION
fixed length control field 740613s1974 nyu b 001 0 eng
010 ## - LIBRARY OF CONGRESS CONTROL NUMBER
LC control number 74011374
020 ## - INTERNATIONAL STANDARD BOOK NUMBER
International Standard Book Number 0808908464
040 ## - CATALOGING SOURCE
Original cataloging agency DLC
Transcribing agency DLC
Modifying agency DLC
041 ## - LANGUAGE CODE
Language code of text/sound track or separate title eng
060 ## - NATIONAL LIBRARY OF MEDICINE CALL NUMBER
Classification number WM430 F663i
080 ## - UNIVERSAL DECIMAL CLASSIFICATION NUMBER
Universal Decimal Classification number 616.8915 vin
082 00 - DEWEY DECIMAL CLASSIFICATION NUMBER
Classification number 616.8915 vin
100 1# - Rafti
Rafti 2
101 ## - Shkurtesa
Shkurtesa shm
245 13 - TITLE STATEMENT
Title An introduction to family therapy
Statement of responsibility, etc [by] Vincent D. Foley.
504 ## - BIBLIOGRAPHY, ETC. NOTE
Bibliography, etc Bibliography: p. 183-191.
906 ## - LOCAL DATA ELEMENT F, LDF (RLIN)
a 7
b cbc
c orignew
d 1
e ocip
f 19
g y-gencatlg
942 ## - ADDED ENTRY ELEMENTS (KOHA)
Source of classification or shelving scheme
Item type Books
Holdings
Withdrawn status Lost status Source of classification or shelving scheme Damaged status Not for loan Collection code Permanent location Current location Shelving location Date acquired Total Checkouts Full call number Barcode Date last seen Price effective from Koha item type
          Koleksioni i përgjithshem UBT - Lipjan UBT - Lipjan Koleksioni i përgjithshem 02/05/2018   616.8915 vin 002-2997626 02/05/2018 02/05/2018 Books
UBT Library © 2015-2024. All rights reserved University Education for Business and Technology